Theatre pieces : an anthology /

Bibliographic Details
Main Author: Atlan, Liliane, 1932-
Format: Book
Language:English
Published: Greenwood, Fla. : Penkevill, [1985]
Series:Modern literatures annual ; v.1.

MARC

Tag First Indicator Second Indicator Subfields
LEADER 00000cam a2200000 a 4500
001 in00000007090
005 20151004080028.0
008 850709s1985 flu b 00010 eng d
020 |a 0913283037 
035 |a (OCoLC)12246929 
035 |9 AAA1560AM 
040 |a CNO  |c CNO  |d OCL  |d VPI  |d m/c  |d TXA  |d UtOrBLW 
041 1 |a eng  |h fre 
049 |a TXAM  |c [A12542900] 
050 4 |a PQ2661.T77  |b A6 1985 
100 1 |a Atlan, Liliane,  |d 1932- 
240 1 0 |a Works.  |k Selections.  |l English 
245 1 0 |a Theatre pieces :  |b an anthology /  |c by Liliane Atlan ; translated by Marguerite Feitlowitz. 
264 1 |a Greenwood, Fla. :  |b Penkevill,  |c [1985] 
264 4 |c ©1985 
300 |a 229 pages ;  |c 23 cm. 
336 |a text  |b txt  |2 rdacontent 
337 |a unmediated  |b n  |2 rdamedia 
338 |a volume  |b nc  |2 rdacarrier 
490 1 |a Modern literatures annual,  |x 0738-0747 ;  |v v.1 
504 |a Includes bibliographical references. 
505 0 |a Introduction / Bettina L. Knapp -- Mister Fugue or Earth sick -- Messiahs -- Carriage of flames and voices. 
830 0 |a Modern literatures annual ;  |v v.1. 
999 |a MARS 
999 f f |s 84c8d78c-5009-3453-a73c-cce7ffe41cb8  |i 21dc561a-05e2-34de-890c-d1df608a24f2  |t 0 
952 f f |p ric  |a Texas A&M University  |b Rellis Campus  |c Joint Library Facility  |d Remote Storage  |t 0  |e PQ2661.T77 A6 1985  |h Library of Congress classification  |i unmediated -- volume  |m A14812542900 
998 f f |a PQ2661.T77 A6 1985  |t 0  |l Remote Storage